La planificación didáctica en el jardín de infantes : las unidades didáctica, los proyectos y las secuencias didácticas. el juego trabajo /

Guardado en:
Autor Principal: Pitluk, Laura
Formato: Libro
Publicado: Rosario : Homo Sapiens, 2014
Series:Educación Inicial / Laura Pitluk
Materias:
Etiquetas: Agregar Etiqueta
Sin Etiquetas, Sea el primero en etiquetar este registro!
LEADER 00725nam a22002175a 4500
001 CEM.cems014486
005 20141020123027.0
008 130507s2014##################000#0#####d
003 CEMS
020 |a 9508084642 
082 0 4 |a 372.21 
100 1 |a Pitluk, Laura 
245 1 0 |a La planificación didáctica en el jardín de infantes :  |b las unidades didáctica, los proyectos y las secuencias didácticas. el juego trabajo /  |c Laura Pitluk 
260 |a Rosario :  |b Homo Sapiens,  |c 2014 
300 |a 208 p. 
490 0 |a Educación Inicial / Laura Pitluk 
653 |a Educación 
653 |a Educación inicial 
653 |a Nivel inicial 
653 |a Didáctica 
859 |a CEMS  |b BIB. CEMS - 11 de abril  |h 372.21  |i P683-2  |p 27054.14  |t Ej.1